[Event "Rhein Main op-A 24th"]
[Site "Bad Homburg"]
[Date "2022.06.15"]
[Round "1"]
[White "Zilch, Lothar"]
[Black "Hagner, Bennet"]
[Result "0-1"]
[WhiteElo "1906"]
[BlackElo "2186"]
[PlyCount "62"]
[EventDate "2022.06.15"]
[EventType "swiss"]
[EventRounds "7"]
[EventCountry "GER"]
[SourceTitle "EXT 2023"]
[Source "ChessBase"]
[SourceDate "2022.10.05"]
[SourceVersion "1"]
[SourceVersionDate "2022.10.05"]
[SourceQuality "1"]

1. Nf3 Nf6 2. c4 b6 3. g3 Bb7 4. Bg2 e6 5. Nc3 Be7 6. 0-0 0-0 7. d4 Ne4 8. Nxe4 Bxe4 9. Nd2 Bxg2 10. Kxg2 d5 11. Kg1 c5 12. cxd5 exd5 13. b3 Nc6 14. Bb2 Bf6 15. Nf3 b5 16. Qd2 c4 17. Rfd1 Re8 18. Rac1 Qe7 19. Re1 Rab8 20. Ba1 Qe6 21. Rcd1 Rbd8 22. Ng5 Qf5 23. Qf4 Qxg5 24. Qc7 Nb4 25. Qxa7 Nc2 26. Rf1 Nxa1 27. Rxa1 Rxe2 28. Rfe1 Rxe1+ 29. Rxe1 Qd2 30. Re3 Bxd4 31. Qd7 Qxf2+ 0-1

[Event "Rottach Egern Seniors Cup 10th"]
[Site "Rottach Egern"]
[Date "2022.03.29"]
[Round "4"]
[White "Wichmann, Bernd"]
[Black "Zilch, Lothar"]
[Result "0-1"]
[WhiteElo "1695"]
[BlackElo "1887"]
[PlyCount "72"]
[EventDate "2022.03.26"]
[EventType "swiss"]
[EventRounds "9"]
[EventCountry "GER"]
[SourceTitle "CBM 207 Extra"]
[Source "ChessBase"]
[SourceDate "2022.05.31"]
[SourceVersion "1"]
[SourceVersionDate "2022.05.31"]
[SourceQuality "1"]

1. d4 Nf6 2. Nf3 d5 3. c4 e6 4. e3 Be7 5. Nc3 0-0 6. Bd3 c5 7. 0-0 Nc6 8. a3 b6 9. cxd5 exd5 10. Qc2 h6 11. b3 Be6 12. Ne2 Rc8 13. Ba6 Rc7 14. Qd1 Bd6 15. Bb2 Qe7 16. Nc3 Nb8 17. Be2 a6 18. a4 Rfc8 19. Nb1 Bf5 20. Ne5 cxd4 21. exd4 Bc2 22. Qd2 Bxb3 23. Ba3 Bxa3 24. Nxa3 Bxa4 25. Rfe1 Ne4 26. Qf4 Qf6 27. Qxf6 Nxf6 28. f3 b5 29. Nd3 Nfd7 30. Nb4 Nb6 31. f4 a5 32. Bg4 axb4 33. Bxc8 Rxc8 34. Nb1 Nc4 35. Re7 Rd8 36. Kf2 Nc6 0-1

[Event "Rottach Egern Seniors Cup 9th"]
[Site "Rottach Egern"]
[Date "2021.10.26"]
[Round "5"]
[White "Zilch, Lothar"]
[Black "Antoniacci, Ricardo"]
[Result "1-0"]
[WhiteElo "1895"]
[BlackElo "1672"]
[PlyCount "77"]
[EventDate "2021.10.22"]
[EventType "swiss"]
[EventRounds "7"]
[EventCountry "GER"]
[SourceTitle "CBM 204 Extra"]
[Source "ChessBase"]
[SourceDate "2021.11.30"]
[SourceVersion "1"]
[SourceVersionDate "2021.11.30"]
[SourceQuality "1"]

1. c4 c5 2. Nc3 Nc6 3. Nf3 g6 4. e3 Bg7 5. d4 b6 6. d5 Ne5 7. Be2 Nxf3+ 8. Bxf3 d6 9. Bd2 f5 10. Qc2 Nf6 11. h3 0-0 12. Rd1 Nd7 13. Be2 Ne5 14. 0-0 Bd7 15. b3 Qe8 16. a4 h6 17. f4 Nf7 18. Bd3 e5 19. dxe6 Qxe6 20. e4 Bxc3 21. Bxc3 Kh7 22. Rde1 fxe4 23. Rxe4 Ne5 24. fxe5 Rxf1+ 25. Bxf1 Bc6 26. Re2 d5 27. cxd5 Bxd5 28. b4 Bb3 29. Qe4 Bd5 30. Qe3 cxb4 31. Bxb4 Rc8 32. Rf2 Qc6 33. Rf6 Qxa4 34. Bd2 Qh4 35. Bd3 Rg8 36. Rf4 Qg5 37. Be4 Be6 38. h4 Qd8 39. Rf7+ 1-0

[Event "Rottach Egern Seniors Cup 9th"]
[Site "Rottach Egern"]
[Date "2021.10.25"]
[Round "4"]
[White "Haubt, Georg"]
[Black "Zilch, Lothar"]
[Result "1-0"]
[WhiteElo "2114"]
[BlackElo "1895"]
[PlyCount "63"]
[EventDate "2021.10.22"]
[EventType "swiss"]
[EventRounds "7"]
[EventCountry "GER"]
[SourceTitle "CBM 204 Extra"]
[Source "ChessBase"]
[SourceDate "2021.11.30"]
[SourceVersion "1"]
[SourceVersionDate "2021.11.30"]
[SourceQuality "1"]

1. d4 d5 2. Bf4 Nf6 3. e3 c5 4. dxc5 Nc6 5. Bb5 e6 6. b4 a5 7. c3 Bd7 8. Bxc6 Bxc6 9. Nf3 b6 10. Nd4 Qd7 11. cxb6 axb4 12. 0-0 Ba4 13. Qc1 Bd6 14. b7 Rb8 15. Bxd6 Qxd6 16. cxb4 0-0 17. Qa3 Bd7 18. Nb3 Rxb7 19. Nc5 Rbb8 20. Nd2 Bb5 21. Rfe1 Ng4 22. g3 Ne5 23. Qc3 Rfc8 24. a4 Nd3 25. axb5 Nxe1 26. Rxe1 Rxb5 27. Ra1 h6 28. Nf3 Qc6 29. Ra4 Qc7 30. Nd4 Rb6 31. Qa3 Rcb8 32. Na6 1-0

[Event "Rhein Main op-A 22nd"]
[Site "Bad Homburg"]
[Date "2019.06.19"]
[Round "1"]
[White "Bakiev, Diyor"]
[Black "Zilch, Lothar"]
[Result "1-0"]
[WhiteElo "2123"]
[BlackElo "1885"]
[PlyCount "69"]
[EventDate "2019.06.19"]
[EventType "swiss"]
[EventRounds "9"]
[EventCountry "GER"]
[SourceTitle "EXT 2020"]
[Source "ChessBase"]
[SourceDate "2019.10.17"]
[SourceVersion "1"]
[SourceVersionDate "2019.10.17"]
[SourceQuality "1"]

1. e4 c5 2. c3 d5 3. exd5 Qxd5 4. d4 cxd4 5. cxd4 Nf6 6. Nc3 Qd8 7. Nf3 a6 8. Bd3 e6 9. 0-0 Be7 10. Bf4 0-0 11. Rc1 Nc6 12. Bb1 Nd5 13. Qd3 g6 14. Bh6 Re8 15. Rfd1 Bf6 16. a3 Bd7 17. Ne4 Qe7 18. Nxf6+ Qxf6 19. Bg5 Qg7 20. h4 h6 21. Bd2 f5 22. Ba2 Rac8 23. Re1 Kh7 24. Bxd5 exd5 25. Bf4 Re4 26. Be5 Nxe5 27. Nxe5 Rxe1+ 28. Rxe1 Bb5 29. Qf3 Qg8 30. h5 Be8 31. hxg6+ Bxg6 32. Nxg6 Kxg6 33. Qg3+ Kh7 34. Re7+ Kh8 35. Qe5+ 1-0

[Event "Rhein Main op-A 21st"]
[Site "Bad Homburg"]
[Date "2018.06.02"]
[Round "5"]
[White "Rosenberger, Frank"]
[Black "Zilch, Lothar"]
[Result "1-0"]
[WhiteElo "2075"]
[BlackElo "1940"]
[PlyCount "63"]
[EventDate "2018.05.30"]
[EventType "swiss"]
[EventRounds "7"]
[EventCountry "GER"]
[SourceTitle "EXT 2019"]
[Source "ChessBase"]
[SourceDate "2018.10.10"]
[SourceVersion "1"]
[SourceVersionDate "2018.10.10"]
[SourceQuality "1"]

1. e4 c5 2. Nf3 a6 3. Nc3 b5 4. d4 cxd4 5. Nxd4 Bb7 6. Bd3 Nc6 7. Nxc6 Bxc6 8. 0-0 d6 9. a4 b4 10. Nb1 Nf6 11. Qe2 a5 12. f4 e6 13. Nd2 Be7 14. b3 0-0 15. Bb2 Qb6+ 16. Kh1 Qb7 17. Rae1 Nd7 18. Rf3 e5 19. Rh3 g6 20. f5 Kg7 21. Qe3 g5 22. f6+ Bxf6 23. Nc4 Qc7 24. Qf3 Rh8 25. Ne3 Nc5 26. Rf1 Qd8 27. Qh5 Kf8 28. Rhf3 Nxe4 29. Bxe4 Bxe4 30. Rxf6 Bg6 31. Rxg6 Ke7 32. Rgf6 1-0

[Event "Rhein Main op-B 19th"]
[Site "Bad Homburg"]
[Date "2016.05.26"]
[Round "2"]
[White "Zilch, Lothar"]
[Black "Schellen, Sven"]
[Result "0-1"]
[WhiteElo "1955"]
[BlackElo "1786"]
[PlyCount "114"]
[EventDate "2016.05.25"]
[EventType "swiss"]
[EventRounds "7"]
[EventCountry "GER"]
[SourceTitle "EXT 2017"]
[Source "ChessBase"]
[SourceDate "2016.10.25"]
[SourceVersion "1"]
[SourceVersionDate "2016.10.25"]
[SourceQuality "1"]

1. c4 Nf6 2. Nc3 c5 3. Nf3 d5 4. cxd5 Nxd5 5. e3 Nc7 6. d4 cxd4 7. Nxd4 e5 8. Ndb5 Qxd1+ 9. Kxd1 Nba6 10. Bc4 Be6 11. Bxe6 Nxe6 12. Ke2 Nac7 13. Rd1 a6 14. Nxc7+ Nxc7 15. b3 Ke7 16. Bb2 Ke6 17. Rac1 Be7 18. Na4 Nb5 19. Nc5+ Bxc5 20. Rxc5 f6 21. a4 Nd6 22. Rcd5 Rhd8 23. Ba3 Nf7 24. Rxd8 Rxd8 25. Rxd8 Nxd8 26. Kd3 Kd5 27. e4+ Kc6 28. g3 Ne6 29. b4 Nd4 30. Bb2 Ne6 31. h4 b5 32. a5 Kd7 33. Ke3 Ke7 34. f4 exf4+ 35. gxf4 g5 36. hxg5 fxg5 37. fxg5 Nxg5 38. Kd4 Kd6 39. e5+ Kc6 40. Bc1 Ne6+ 41. Ke4 h5 42. Be3 h4 43. Ba7 h3 44. Kf3 Kd5 45. Bb8 Nd4+ 46. Kg3 Nc6 47. Bd6 Nxe5 48. Bf8 Kc4 49. Kxh3 Nd3 50. Kg3 Nxb4 51. Kf3 Nc6 52. Ke3 Nxa5 53. Kd2 Kb3 54. Kc1 Ka2 55. Kc2 Nc6 56. Bc5 a5 57. Bb6 b4 0-1

[Event "Rhein Main op-B 19th"]
[Site "Bad Homburg"]
[Date "2016.05.25"]
[Round "1"]
[White "Koellner, Felicitas Ophelia"]
[Black "Zilch, Lothar"]
[Result "0-1"]
[WhiteElo "1598"]
[BlackElo "1955"]
[PlyCount "118"]
[EventDate "2016.05.25"]
[EventType "swiss"]
[EventRounds "7"]
[EventCountry "GER"]
[SourceTitle "EXT 2017"]
[Source "ChessBase"]
[SourceDate "2016.10.25"]
[SourceVersion "1"]
[SourceVersionDate "2016.10.25"]
[SourceQuality "1"]

1. d4 Nf6 2. Nf3 g6 3. e3 Bg7 4. c4 d6 5. Bd3 0-0 6. 0-0 b6 7. Nbd2 Bb7 8. b3 Nbd7 9. Bb2 Re8 10. Rc1 e5 11. dxe5 dxe5 12. Bb1 Qe7 13. Qc2 c5 14. e4 Rad8 15. Rfe1 Nh5 16. Nf1 Nb8 17. Ne3 Nc6 18. Nd5 Qd6 19. Rcd1 Nd4 20. Nxd4 exd4 21. Bc1 Bxd5 22. exd5 Re7 23. Bg5 Nf6 24. Qd2 Rde8 25. Rxe7 Qxe7 26. h3 Qe2 27. Qxe2 Rxe2 28. Kf1 Re8 29. Re1 Kf8 30. Rxe8+ Kxe8 31. Bf4 Kd7 32. Bb8 Kc8 33. Bf4 Nd7 34. Ke2 Be5 35. Kf3 Kc7 36. Ke4 Bxf4 37. Kxf4 f6 38. g4 Kd6 39. h4 Ne5 40. f3 a6 41. Ke4 b5 42. Bd3 f5+ 43. gxf5 gxf5+ 44. Kxf5 Nxd3 45. Ke4 bxc4 46. bxc4 Ne5 47. f4 Nxc4 48. f5 Nb6 49. f6 Nxd5 50. f7 Ke7 51. Kxd5 d3 52. Kxc5 d2 53. Kb6 d1Q 54. Kxa6 Qb1 55. a4 Kxf7 56. a5 Ke7 57. Ka7 Kd7 58. a6 Kc7 59. Ka8 Qb8# 0-1